Vista normal
Vista MARC
Entrada Materia (personas)
Número de registros utilizados en: 1
001 - CONTROL NUMBER
- control field: 163535
003 - CONTROL NUMBER IDENTIFIER
- control field: Co-BoUCM
005 - DATE AND TIME OF LATEST TRANSACTION
- control field: 20211111074624.0
008 - FIXED-LENGTH DATA ELEMENTS
- fixed length control field: 211111|| aca||aabn | a|a d
040 ## - CATALOGING SOURCE
- Original cataloging agency: Co-BoUCM
- Transcribing agency: Co-BoUCM
100 ## - HEADING--PERSONAL NAME
- Personal name: Frías Sánchez
- Titles and other words associated with a name: carolina
670 ## - SOURCE DATA FOUND
- Source citation: Work cat.: (Co-BoUCM)52880: Frías Sánchez carolina, Guía para estimular el desarrollo infantil complemento didáctico de estimulación, 2003